Podniková diagnostika ako nástroj riadenia podniku habilitačná prednáška : odbor 62-70-9 Riadenie a ekonomika podniku
Saved in:
| Main Author: | |
|---|---|
| Corporate Author: | |
| Other Authors: | |
| Format: | Book |
| Language: | Slovak |
| Published: |
Bratislava
Ekonomická univerzita v Bratislave
2005
|
| Series: | Habilitačné a inauguračné prednášky
|
| Subjects: | |
| Tags: |
No Tags, Be the first to tag this record!
|
MARC
| LEADER | 00000nam$a2200000$$$4500 | ||
|---|---|---|---|
| 001 | 0041647 | ||
| 005 | 20240502071511.7 | ||
| 041 | 0 | |a slo | |
| 044 | |a SK | ||
| 245 | 1 | 0 | |a Podniková diagnostika ako nástroj riadenia podniku |b habilitačná prednáška : odbor 62-70-9 Riadenie a ekonomika podniku |c Anna Neumannová ; oponenti: Milan Kupkovič ... [et al.] |
| 264 | 1 | |a Bratislava |b Ekonomická univerzita v Bratislave |c 2005 | |
| 300 | |a [24] str. | ||
| 490 | 1 | |a Habilitačné a inauguračné prednášky | |
| 830 | 0 | |a Habilitačné a inauguračné prednášky | |
| 610 | 2 | 0 | |a diagnostika podniková |
| 610 | 2 | 0 | |a riadenie podnikové |
| 610 | 2 | 0 | |a nástroje riadenia |
| 100 | 1 | |a Neumannová, Anna | |
| 700 | 1 | |a Kupkovič, Milan | |
| 710 | 2 | |a Ekonomická univerzita v Bratislave. Fakulta podnikového manažmentu | |